| 000 | 00405nam a22001697a 4500 | ||
|---|---|---|---|
| 003 | MACL | ||
| 005 | 20170114113054.0 | ||
| 008 | 160114b xxu||||| |||| 00| 0 eng d | ||
| 040 | _cMACL | ||
| 041 | _aEnglish | ||
| 082 | _a333/SIN | ||
| 100 |
_aDr.Singh,S.K. _932300 |
||
| 245 | _aEnvironmental Studies | ||
| 260 |
_aDelhi _bBharti Publication _c2010 |
||
| 650 |
_aEnvironment _932301 |
||
| 942 |
_2ddc _cBK |
||
| 999 |
_c52259 _d52259 |
||